=LDR 00000nam 2200000 4500 =001 INLIS000000000056480 =005 20200908070701 =035 ##$$a 0010-0920000111 =007 ta =008 200908###########################0#eng## =082 ##$$a 929.7 =084 ##$$a 929.7 Bol a =245 1#$$a A Century Of British Monarchy /$c Hector Bolitho =300 ##$$a 283 halaman : $b Ilustrasi ; $c 23 Cm. =650 #4$$a Inggris Raja =264 ##$$a London :$b Longmans Green and Co,$c 1953 =336 ##$$a teks$2 rdacontent =337 ##$$a lain-lain$2 rdamedia =338 ##$$a lain-lain$2 rdacarrier =990 ##$$a 1256212562